[Event "AUTO-OPEN-4624"]
[Site "http://www.queenalice.com/game.php?id=1865630"]
[Date "2025.11.15"]
[Round "1"]
[White "maurice916"]
[Black "cerenzo72"]
[Result "0-1"]
[WhiteElo "1846"]
[BlackElo "2150"]

1. Nf3 Nf6 2. b3 g6 3. Bb2 Bg7 4. e3 O-O 5. c4 c5 6. d4 cxd4 7. exd4 b6 8. Nc3
Bb7 9. Be2 d5 10. cxd5 Nxd5 11. O-O Nc6 12. Rc1 Nf4 13. Re1 Nxd4 14. Bf1 Nxf3+
15. gxf3 e6 16. Re3 Qg5+ 17. Kh1 Rad8 18. Qc2 Bd4 19. Ne4 Qe5 20. Bxd4 Rxd4 21.
Qc7 Qxc7 22. Rxc7 Rd1 23. Kg1 Ba6 24. Ng3 Bxf1 25. Nxf1 Nd5 26. Rxa7 Nxe3 27.
fxe3 Rfd8 28. Kf2 R1d7 29. Ra6 Rd6 30. Ra4 Kg7 31. Ke2 f5 32. Rc4 b5 33. Rc7+
R8d7 34. Rc2 h5 35. f4 Kf6 36. h3 h4 37. Nd2 g5 38. fxg5+ Kxg5 39. Nf3+ Kh5 40.
Ne5 Rg7 41. Kf2 Rd5 42. Nf3 e5 43. Re2 e4 44. Nd4 Rg3 45. Ne6 Rxh3 46. Nf4+ Kg4
47. Nxh3 Kxh3 48. Kg1 Kg3 49. Rg2+ Kf3 50. Rc2 Kxe3 51. Rc8 f4 52. Kh2 f3 53.
Kh3 f2 0-1

[Event "AUTO-OPEN-4624"]
[Site "http://www.queenalice.com/game.php?id=1865631"]
[Date "2025.11.15"]
[Round "1"]
[White "cerenzo72"]
[Black "maurice916"]
[Result "1-0"]
[WhiteElo "2129"]
[BlackElo "1877"]

1. c4 c6 2. e4 d5 3. exd5 cxd5 4. cxd5 Nf6 5. Nc3 Nxd5 6. Nf3 Bg4 7. Be2 e6 8.
Qa4+ Nc6 9. Qxg4 h5 10. Qe4 Nf6 11. Qa4 a6 12. Ne5 Rc8 13. Bf3 Qb6 14. O-O Be7
15. d4 O-O 16. Nxc6 bxc6 17. Qd1 Rfd8 18. Bxh5 Nxh5 19. Qxh5 Qxd4 20. Be3 Qf6
21. Ne4 Qf5 22. Qxf5 exf5 23. Nc3 Rb8 24. b3 Bf6 25. Rac1 g5 26. Ne2 Rd6 27. f4
g4 28. Ng3 Rd5 29. Rxc6 Kg7 30. Nh5+ 1-0

[Event "AUTO-ADV-4904"]
[Site "http://www.queenalice.com/game.php?id=1865712"]
[Date "2025.11.18"]
[Round "1"]
[White "JoseMessias"]
[Black "maurice916"]
[Result "0-1"]
[WhiteElo "1651"]
[BlackElo "1863"]

1. g3 c6 2. Bg2 d5 3. e4 dxe4 4. Bxe4 Nf6 5. f3 e5 6. d3 Bb4+ 7. c3 Ba5 8. b4
Bc7 9. Bg5 Be6 10. f4 exf4 11. gxf4 Nbd7 12. f5 Bd5 13. c4 Bxe4 14. dxe4 Be5 15.
Na3 Bxa1 16. Qxa1 Qc7 17. Ne2 O-O 18. Bxf6 Nxf6 19. e5 Nd7 20. Rg1 Qxe5 21. Qxe5
Nxe5 22. Rg4 Nxg4 23. h3 Ne3 24. Ng3 Rfe8 25. Kf2 Nd1+ 26. Kg2 Re3 27. Nc2 Rc3
28. Nd4 Rxc4 29. Nge2 Rd8 30. Nf3 Ne3+ 31. Kf2 Nxf5 32. a3 Nh4 33. Ne5 Rc2 34.
Nf3 Nxf3 35. Kxf3 Rxe2 36. Kxe2 b6 0-1

[Event "AUTO-ADV-4904"]
[Site "http://www.queenalice.com/game.php?id=1865713"]
[Date "2025.11.18"]
[Round "1"]
[White "maurice916"]
[Black "JoseMessias"]
[Result "0-1"]
[WhiteElo "1837"]
[BlackElo "1627"]

1. Nf3 Nf6 2. b3 Nc6 3. Bb2 Ne4 4. d3 Nf6 5. e4 e5 6. Nxe5 d6 7. Nxc6 bxc6 8.
Nc3 Bg4 9. Be2 Bxe2 10. Nxe2 d5 11. e5 Nh5 12. Nd4 Nf4 13. Nxc6 Qd7 14. Nd4
Nxg2+ 15. Kd2 Bb4+ 16. c3 Bc5 17. Qf3 Nh4 18. Qg3 Nf5 19. Nxf5 Qxf5 20. d4 Be7
21. h4 g6 22. Rae1 g5 23. hxg5 Bxg5+ 24. Re3 Bxe3+ 25. fxe3 Qe4 26. Rc1 O-O-O
27. Qh3+ Kb8 28. Rf1 Rdg8 29. Rf2 Rg4 30. c4 dxc4 31. bxc4 f5 32. d5 Qxc4 33. e6
Qxd5+ 34. Kc2 Rc4+ 35. Kb1 Qd1+ 36. Bc1 Qxc1# 0-1

[Event "AUTO-ADV-4904"]
[Site "http://www.queenalice.com/game.php?id=1865732"]
[Date "2025.11.18"]
[Round "1"]
[White "maurice916"]
[Black "game"]
[Result "1-0"]
[WhiteElo "1843"]
[BlackElo "1528"]

1. Nf3 c5 2. b3 d6 3. Bb2 Nc6 4. e3 Nf6 5. Bb5 e5 6. d4 a6 7. Bxc6+ bxc6 8. dxe5
dxe5 9. Qxd8+ Kxd8 10. Nxe5 Ke8 11. Nxc6 Ng4 12. O-O Bd6 13. Bxg7 Rg8 14. Bf6
Nxf6 15. Na5 Bf8 16. Nd2 Bg7 17. Nac4 Ng4 18. Rac1 a5 19. Nd6+ Kd7 20. Nxc8
Raxc8 21. Nf3 Kc7 22. Rcd1 Rge8 23. Rd5 Bc3 24. Rxc5+ Kd8 25. Rd1+ Ke7 26. Rxc8
Rxc8 27. Rd3 Bb2 28. c4 Kf6 29. h3 Ne5 30. Nxe5 Bxe5 31. f4 Bb2 32. Kf2 Kf5 33.
Kf3 h5 34. Rd5+ Ke6 35. Rxh5 Rd8 36. Rxa5 Rd3 37. Ke2 Rc3 38. Rd5 Rc2+ 39. Rd2
Rxd2+ 40. Kxd2 Kf5 41. g3 Bf6 42. Kd3 Bb2 43. a4 Ba3 44. a5 Ke6 45. e4 Bc5 46.
g4 Bb4 47. a6 Bc5 48. h4 Bf2 49. h5 Kf6 50. Ke2 Ba7 51. b4 Ke7 52. g5 Bb8 53.
Kf3 Kd7 54. h6 1-0

[Event "AUTO-ADV-4904"]
[Site "http://www.queenalice.com/game.php?id=1865733"]
[Date "2025.11.18"]
[Round "1"]
[White "game"]
[Black "maurice916"]
[Result "0-1"]
[WhiteElo "1481"]
[BlackElo "1886"]

1. d4 d6 2. e4 e5 3. Bc4 Nf6 4. d5 Bg4 5. Nf3 Nxe4 6. O-O Nf6 7. Bg5 Be7 8. Nc3
c6 9. dxc6 Nxc6 10. Qd2 a6 11. Rfe1 O-O 12. Qe3 Be6 13. Bxe6 fxe6 14. Rad1 Qc7
15. Bh4 Nd5 16. Nxd5 exd5 17. Rxd5 Bxh4 18. Nxh4 Rad8 19. a3 Qf7 20. c4 Nd4 21.
Rc1 Qf6 22. Nf3 Nxf3+ 23. gxf3 Qxf3 24. Qb6 Qg4+ 25. Kf1 Qf4 26. Re1 Qxh2 27.
Rd2 Qf4 28. Red1 Qxc4+ 29. Kg1 Rc8 30. Rxd6 Rc6 31. Qxb7 Rxd6 32. Rxd6 Qc1+ 33.
Kg2 Qg5+ 34. Kf1 Qh4 35. Rd2 Qc4+ 36. Re2 Rd8 37. Qf3 e4 38. Qg4 Rd2 39. Qxe4
Rd1+ 40. Kg2 Qxe4+ 41. Rxe4 Rd2 42. b4 Rd6 43. Re8+ Kf7 44. Re3 g6 45. f4 Kf6
46. Rh3 h5 47. Kg3 Kf5 48. Kf3 Rd4 49. Rh4 Rd3+ 50. Ke2 Rxa3 51. Kd2 Rf3 52. Ke2
Rxf4 53. Rxf4+ Kxf4 54. Kf2 h4 55. Kg2 g5 56. Kh3 Kf3 57. Kh2 g4 58. Kg1 g3 59.
Kf1 h3 60. Kg1 h2+ 61. Kh1 g2+ 62. Kxh2 Kf2 63. Kh3 g1=Q 0-1

[Event "AUTO-INT-3952"]
[Site "http://www.queenalice.com/game.php?id=1865801"]
[Date "2025.11.19"]
[Round "1"]
[White "maurice916"]
[Black "TammieM3ENF"]
[Result "1-0"]
[WhiteElo "1802"]
[BlackElo "1531"]

1. Nf3 e6 2. b3 d6 3. Bb2 Be7 4. e3 Bd7 5. c4 Nf6 6. d4 e5 7. dxe5 dxe5 8. Nxe5
Be6 9. Nd2 Nc6 10. Nxc6 bxc6 11. Qf3 Bd7 12. Be2 c5 13. O-O Rb8 14. h3 h5 15.
Rad1 h4 16. e4 g5 17. e5 Nh7 18. e6 fxe6 19. Bxh8 a5 20. Qh5+ Kf8 21. Qxh7 Bd6
22. Qg7+ Ke8 23. Bh5# 1-0

[Event "AUTO-INT-3952"]
[Site "http://www.queenalice.com/game.php?id=1865802"]
[Date "2025.11.19"]
[Round "1"]
[White "TammieM3ENF"]
[Black "maurice916"]
[Result "0-1"]
[WhiteElo "1537"]
[BlackElo "1796"]

1. d4 d6 2. e4 e5 3. dxe5 dxe5 4. c3 c6 5. c4 f6 6. b4 Bxb4+ 7. Bd2 Bxd2+ 8.
Nxd2 Na6 9. c5 Nxc5 10. a3 Ne7 11. a4 O-O 12. a5 Ng6 13. a6 bxa6 14. h4 Nf4 15.
g3 Nfd3+ 16. Ke2 Qd4 17. Ngf3 Qxf2# 0-1

[Event "AUTO-OPEN-4625"]
[Site "http://www.queenalice.com/game.php?id=1865917"]
[Date "2025.11.20"]
[Round "1"]
[White "Pipo712"]
[Black "maurice916"]
[Result "1-0"]
[WhiteElo "1943"]
[BlackElo "1849"]

1. e4 c6 2. d4 d5 3. exd5 cxd5 4. Nf3 Nf6 5. Bd3 Nc6 6. c3 Qb6 7. O-O Bg4 8. Re1
e6 9. Nbd2 Be7 10. a4 a6 11. Nf1 O-O 12. Ng3 Rad8 13. h3 Bxf3 14. Qxf3 Na5 15.
Bc2 Nc4 16. b3 Nd6 17. Bg5 h6 18. Bxf6 Bxf6 19. Nh5 Bg5 20. Re2 Rd7 21. h4 Bd8
22. Qd3 g6 23. Nf4 Ne4 24. h5 g5 25. f3 Nxc3 26. Qh7# 1-0

[Event "AUTO-OPEN-4625"]
[Site "http://www.queenalice.com/game.php?id=1865918"]
[Date "2025.11.20"]
[Round "1"]
[White "maurice916"]
[Black "Pipo712"]
[Result "0-1"]
[WhiteElo "1849"]
[BlackElo "2045"]

1. Nf3 Nf6 2. b3 b6 3. Bb2 Bb7 4. e3 e6 5. Be2 Be7 6. O-O O-O 7. c4 c5 8. d4 d5
9. Nc3 Nbd7 10. cxd5 exd5 11. Re1 a6 12. dxc5 bxc5 13. Bf1 Re8 14. Rc1 Bf8 15.
Ne2 Ne4 16. Ng3 Ndf6 17. Nxe4 Nxe4 18. Bd3 f5 19. Ne5 Bd6 20. f4 Re6 21. Nf3 Qe7
22. Bxe4 fxe4 23. Ng5 Rh6 24. Qg4 Rd8 25. h4 Bc8 26. f5 Be5 27. Bxe5 Qxe5 28.
Rf1 g6 29. Rxc5 Bxf5 30. Qe2 Rxh4 31. Rf4 Rxf4 32. exf4 Qxf4 33. Nh3 Bxh3 34.
gxh3 Qg3+ 35. Qg2 Qxg2+ 36. Kxg2 Rd6 37. Kf2 Kg7 38. Ke3 Kf6 39. Kf4 g5+ 40. Ke3
Ke5 41. a4 Rb6 42. Rc7 Rxb3+ 0-1

[Event "AUTO-ADV-4896"]
[Site "http://www.queenalice.com/game.php?id=1866045"]
[Date "2025.11.23"]
[Round "2"]
[White "maurice916"]
[Black "Daniel1962"]
[Result "0-1"]
[WhiteElo "1888"]
[BlackElo "1705"]

1. Nf3 d5 2. b3 c5 3. e3 Nf6 4. Bb2 Nbd7 5. h3 b6 6. d4 Ne4 7. Bb5 e6 8. c4 dxc4
9. bxc4 cxd4 10. Bxd4 Qc7 11. Nbd2 Bb4 12. O-O Bb7 13. Nxe4 Bxe4 14. Bxg7 Rg8
15. Be5 Qb7 16. Bxd7+ Qxd7 17. Qxd7+ Kxd7 18. Rfd1+ Ke7 19. Bg3 Bxf3 20. gxf3
Rac8 21. Rd4 Bc3 22. Rad1 Bxd4 23. exd4 Rxc4 24. Kh2 Rc2 25. d5 exd5 26. Rxd5
Rxa2 27. Rh5 a5 28. Rxh7 a4 29. Rh6 b5 30. Rb6 Rb2 31. Ra6 Rc8 32. Bd6+ Ke8 33.
Kg3 Rcc2 34. Ra7 Rxf2 35. Re7+ Kd8 36. Rxf7 Rg2+ 37. Kh4 b4 38. Rb7 b3 39. f4
Rbf2 40. Rb4 b2 41. Be5 a3 42. Kh5 Rf1 43. Bf6+ Ke8 44. Rb8+ Kf7 45. Bxb2 Rxb2
46. Rb7+ Rxb7 0-1

[Event "AUTO-ADV-4896"]
[Site "http://www.queenalice.com/game.php?id=1866046"]
[Date "2025.11.23"]
[Round "2"]
[White "Daniel1962"]
[Black "maurice916"]
[Result "0-1"]
[WhiteElo "1715"]
[BlackElo "1876"]

1. e4 c6 2. Bc4 d5 3. exd5 cxd5 4. Bb5+ Bd7 5. Bxd7+ Nxd7 6. Nc3 Ngf6 7. d4 e6
8. Nf3 Be7 9. a3 a6 10. Bg5 O-O 11. Ne5 Nxe5 12. dxe5 Nd7 13. h4 Bxg5 14. hxg5
Qxg5 15. Qd3 Qxe5+ 16. Ne2 f5 17. c3 Nc5 18. Qh3 h6 19. f4 Qf6 20. O-O-O Ne4 21.
Qf3 Rac8 22. g4 fxg4 23. Qxg4 Nf2 24. Qg3 Nxh1 25. Rxh1 b5 26. Qh3 Qf5 27. Qg3
Rf6 28. Rg1 Rc7 29. Rf1 a5 30. Nd4 Qg6 31. Qh2 Rcf7 32. Nxb5 Qd3 33. Rf2 Qxb5
34. f5 Rxf5 35. Rxf5 Rxf5 36. Qd6 Rf1+ 37. Kc2 Rf2+ 38. Kb1 Qxb2# 0-1

[Event "AUTO-ADV-4891"]
[Site "http://www.queenalice.com/game.php?id=1866458"]
[Date "2025.12.2"]
[Round "2"]
[White "chessman"]
[Black "maurice916"]
[Result "1-0"]
[WhiteElo "2073"]
[BlackElo "1819"]

1. e4 c5 2. Nf3 Nc6 3. c3 e5 4. Bb5 d6 5. d4 cxd4 6. cxd4 Bd7 7. O-O exd4 8.
Nxd4 Nxd4 9. Bxd7+ Qxd7 10. Qxd4 Nf6 11. Nc3 Be7 12. Nd5 O-O 13. Nxe7+ Qxe7 14.
Re1 Rfe8 15. Bg5 h6 16. Bxf6 Qxf6 17. Rad1 Re6 18. Qxf6 Rxf6 19. Rd5 Re8 20. f3
b6 21. Red1 Ree6 22. Rc1 Kh7 23. Rc7 Re5 24. Rxe5 dxe5 25. Rxa7 Kg6 26. Re7 Re6
27. Rxe6+ fxe6 28. Kf2 Kf7 29. Ke3 Ke7 30. Kd3 Kd6 31. Kc4 Kc6 32. Kb4 g6 33. a4
h5 34. b3 g5 35. g3 g4 36. fxg4 hxg4 37. Kc4 Kd7 38. Kb5 Kc7 39. b4 Kb7 40. a5
bxa5 41. bxa5 Kc7 42. Kc5 Kd7 43. Kb6 1-0